| 000 | 00658nam a2200217Ia 4500 | ||
|---|---|---|---|
| 003 | OSt | ||
| 005 | 20241125113515.0 | ||
| 008 | 210719s1899 xx 000 0 und d | ||
| 040 | _cAL | ||
| 041 | _aeng | ||
| 082 | _a378.14 STAL | ||
| 100 |
_aST. ALOYSIUS COLLEGE _9183934 |
||
| 245 | _aSt. Aloysius college Mangalore: Calendar 1899-1920 | ||
| 260 |
_aMangalore _bSt. Aloysius College _c1899 |
||
| 300 | _bPB | ||
| 365 | _cRs | ||
| 520 | _aLectures (in the College Departmrnt),Feast of obligatin, Public Holidays | ||
| 650 |
_aHigher Education _9183935 |
||
| 906 | _a1899-1920 ; Aloysius ; Calendar ; college, ; Mangalore: ; St. | ||
| 942 |
_2ddc _cBK |
||
| 999 |
_c215377 _d215377 |
||